[Event "Lvov Ukrainian Chess Warriors"]
[Site "Lvov"]
[Date "2024.03.15"]
[Round "1"]
[White "Semenov, Dmitri"]
[Black "Marusyn, Yana"]
[Result "1-0"]
[WhiteElo "2370"]
[BlackElo "1612"]
[PlyCount "40"]
[EventDate "2024.03.15"]
[EventType "swiss (rapid)"]
[EventRounds "8"]
[EventCountry "UKR"]
[SourceTitle "CB12_2024"]
[SourceDate "2023.10.01"]
[SourceVersion "1"]
[SourceVersionDate "2023.10.01"]
[SourceQuality "1"]

1. e4 c5 2. Nf3 e6 3. c3 Nf6 4. Bd3 d6 5. 0-0 Nc6 6. Re1 Qc7 7. Bf1 Be7 8. d4 0-0 9. h3 Rd8 10. Bg5 b6 11. Nbd2 Bb7 12. a3 a5 13. Bd3 Rab8 14. Rc1 Ba8 15. Qe2 h6 16. Bh4 Nh5 17. Bxe7 Qxe7 18. g3 Bb7 19. e5 dxe5 20. dxe5 Qd7 1-0

[Event "EU-ch U10 Girls rapid"]
[Site "Terme Catez"]
[Date "2023.09.29"]
[Round "8"]
[White "Marusyn, Yana"]
[Black "Heric, Lucka"]
[Result "1-0"]
[WhiteElo "1418"]
[BlackElo "1300"]
[PlyCount "65"]
[EventDate "2023.09.28"]
[EventType "swiss (rapid)"]
[EventRounds "9"]
[EventCountry "SLO"]
[SourceTitle "EXT 2024"]
[Source "ChessBase"]
[SourceDate "2023.10.10"]
[SourceVersion "1"]
[SourceVersionDate "2023.10.10"]
[SourceQuality "1"]

1. e4 e5 2. Bc4 Nc6 3. Nf3 Nf6 4. Qe2 Bc5 5. d3 Nd4 6. Nxd4 Bxd4 7. c3 Bc5 8. Nd2 0-0 9. Nf3 d6 10. Bg5 h6 11. Bh4 c6 12. h3 Re8 13. g4 d5 14. Bb3 Be7 15. Bg3 Bd6 16. Nh2 dxe4 17. dxe4 Be6 18. Bc2 Qb6 19. b3 Bd7 20. h4 Re7 21. g5 hxg5 22. hxg5 Nh7 23. Qh5 Ree8 24. Nf3 f6 25. Qxh7+ Kf8 26. Qh8+ Ke7 27. Qxg7+ Kd8 28. Rh8 Rxh8 29. Qxh8+ Be8 30. Qxf6+ Kc7 31. Bxe5 Bxe5 32. Qxe5+ Kd7 33. Nd4 1-0